000 01558nam a2200349 i 4500
001 bg
003 BPK
005 20250401134416.0
008 080710s2008 pl a |100 0 pol
015 _aPB 2009/25326
020 _a9788373651517
040 _aWA N
_cBPK
041 0 _apol
_aeng
080 _a546
080 _a577.11/.12
080 _a614.7
080 _a504.5
080 _a(06)
245 0 0 _aPierwiastki śladowe w środowisku - problemy ekologiczne i metodyczne :
_bpierwiastki śladowe w łańcuchu żywieniowym = Trace elements in the environmenent - ecological and methodical problems : trace elements in food chain, Koszalin-Mielno, 11-14 maja 2008 : książka streszczeń.
246 3 1 _aTrace elements in the environmenent - ecological and methodical problems : trace elements in food chain, Koszalin-Mielno, 11-14 maja 2008 :
_bbook of abstracts.
260 _aKoszalin :
_bWydawnictwo Uczelniane Politechniki Koszalińskiej,
_c2008.
300 _a421 s. :
_bil. ;
_c24 cm.
504 _aBibliogr. przy niektórych ref.
546 _aTekst częśc. ang.
650 4 _aMikroelementy
_xwpływ na środowisko.
650 4 _aMikroelementy
_xwpływ na zdrowie.
655 4 _aMateriały konferencyjne
710 2 _aPolitechnika Koszalińska.
_bWydawnictwo Uczelniane.
_4pbl.
856 _uhttp://koha.tu.koszalin.pl/cgi-bin/koha/opac-detail.pl?biblionumber=55635
_yKatalog online BPK
856 _uhttp://dlibra.tu.koszalin.pl/dlibra/docmetadata?id=448
_yBiblioteka Cyfrowa
942 _2UKD
_cKS
999 _c55635
_d55635